Luyện thép; T4

Bewaard in:
Bibliografische gegevens
Hoofdauteur: Học viện gang thép Bắc Kinh
Formaat: Boek
Taal:Undetermined
Gepubliceerd in: Hà Nội Giáo dục 1966
Onderwerpen:
Tags: Voeg label toe
Geen labels, Wees de eerste die dit record labelt!
Thư viện lưu trữ: Trung tâm Học liệu Trường Đại học Cần Thơ
LEADER 00519nam a2200169Ia 4500
001 CTU_11475
008 210402s9999 xx 000 0 und d
082 |a 669.1 
082 |b H419/T4 
100 |a Học viện gang thép Bắc Kinh 
245 0 |a Luyện thép; T4 
245 0 |c Học viện gang thép Bắc Kinh, Nguyễn Kế Bính 
260 |a Hà Nội 
260 |b Giáo dục 
260 |c 1966 
650 |a steel - metallurgy 
980 |a Trung tâm Học liệu Trường Đại học Cần Thơ